Schaum's outline of theory and problems of biochemistry / (Record no. 19024)
[ view plain ]
| 000 -LEADER | |
|---|---|
| fixed length control field | 01030nam a2200289 a 4500 |
| 005 - DATE AND TIME OF LATEST TRANSACTION | |
| control field | 20020910200147.0 |
| 008 - FIXED-LENGTH DATA ELEMENTS--GENERAL INFORMATION | |
| fixed length control field | 970521s1998 nyua 001 0 eng |
| 010 ## - LCCN (DPL NO) | |
| LC control number | ENG-91765 |
| 020 ## - INTERNATIONAL STANDARD BOOK NUMBER | |
| International Standard Book Number | 9780070667440 |
| Terms of availability | 375.00 |
| 020 ## - INTERNATIONAL STANDARD BOOK NUMBER | |
| International Standard Book Number | 0070667446 |
| Terms of availability | 375.00 |
| 035 ## - SYSTEM CONTROL NUMBER | |
| System control number | EN-75298 |
| 037 ## - SOURCE OF ACQUISITION | |
| Source of stock number/acquisition | DBAD / PUB |
| 040 ## - CATALOGING SOURCE | |
| Original cataloging agency | dpl |
| Language of cataloging | English |
| 082 ## - DEWEY DECIMAL CLASSIFICATION NUMBER | |
| Classification number | 572 |
| 245 ## - TITLE STATEMENT | |
| Title | Schaum's outline of theory and problems of biochemistry / |
| Statement of responsibility, etc | Philip W. Kuchel ... [et al.]. |
| 246 ## - VARYING FORM OF TITLE | |
| Title proper/short title | Biochemistry |
| 250 ## - EDITION STATEMENT | |
| Edition statement | 2nd ed. |
| 260 ## - PUBLICATION, DISTRIBUTION, ETC. (IMPRINT) | |
| Place of publication, distribution, etc | New Delhi |
| Name of publisher, distributor, etc | Tata McGraw-Hill Publsihing |
| Date of publication, distribution, etc | 2009 |
| 300 ## - PHYSICAL DESCRIPTION | |
| Extent | Various pagings |
| Other physical details | ill. ; |
| Dimensions | 28 cm (pbk) |
| 490 ## - SERIES STATEMENT | |
| Series statement | Schaum's outline series |
| 500 ## - GENERAL NOTE | |
| General note | Includes index. |
| 650 ## - SUBJECT ADDED ENTRY--TOPICAL TERM | |
| Topical term or geographic name as entry element | Biochemistry |
| General subdivision | Outlines, syllabi, etc. |
| 650 ## - SUBJECT ADDED ENTRY--TOPICAL TERM | |
| Topical term or geographic name as entry element | Biochemistry |
| General subdivision | Examinations, questions, etc. |
| 700 ## - ADDED ENTRY--PERSONAL NAME | |
| Personal name | Kuchel, Philip W. |
| 942 ## - ADDED ENTRY ELEMENTS (KOHA) | |
| Source of classification or shelving scheme | Dewey Decimal Classification |
| Item type | English Books |
| Classification part | 572 |
| Call number suffix | SCH |
| Withdrawn status | Lost status | Source of classification or shelving scheme | Damaged status | Not for loan | Collection code | Home library | Current library | Date acquired | Source of acquisition | Cost, normal purchase price | Total Checkouts | Full call number | Barcode | Date last seen | Copy number | Cost, replacement price | Koha item type |
|---|---|---|---|---|---|---|---|---|---|---|---|---|---|---|---|---|---|
| Dewey Decimal Classification | Not For Loan | Non-fiction | D.B.Act.Division | D.B.Act.Division | 24/11/2008 | DBAD / PUB | 375.00 | 572 SCH | EN-75298 | 24/11/2008 | 1 | 375.00 | English Books |
